000 00653nam a22002177a 4500
003 OSt
005 20210421082958.0
008 201218s2002 ||||| |||| 00| 0 eng d
020 _a0766801225
040 _aeng
_beng
_cDLC
_deng
041 _aeng
080 _a616-08
_bL-81
100 _9547
_aLittleton, Y. Lynna
245 _aMaternal, Neonatal and Women's Health Nursing
_b: Student Study Guide to Accompany
_c/ by: Thomson Learning
260 _aDelmar
_bThomson Learning
_c2002
300 _a222 p.
650 0 _9285
_aPatient Care
653 _aპაციენტის მოვლა
700 _9548
_aEngebretson, C. Joan
942 _2udc
_cBK
999 _c719
_d719